000 00871 a2200265 4500
001 11723
005 20260407155440.0
008 260407a2012 arg spa d
003 AR-UNSa-BCEJYS
040 _aAR-UNSa-BCEJYS
_bspa
_cAR-UNSa-BCEJYS
080 _a343(094.4)
_xCódigo Penal
245 1 0 _aCódigo Penal de la República Argentina
020 _a978-987-01-1329-4
250 _a11a. ed.
264 1 _aBuenos Aires :
_bErrepar
_c2012
300 _axix, 569 p.
_c21 cm.
041 _aspa
942 _cBK
590 _aniveau_biblio:m niveau_hierar:0
100 1 _aParada, Ricardo Antonio
700 1 _aArgentina (Código Penal)
700 1 _aErrecaborde, José Daniel
700 1 _aCañada, Francisco Roberto
856 4 1 _uhttps://biblioeco.unsa.edu.ar/pmb/images/libros/Codigo penal de la republica argentina2-l118904.JPG
_yImagen de portada
_qimage/jpeg
999 _c492
_d492